<?xml version="1.0" encoding="UTF-8"?>
<record
    xmlns:xsi="http://www.w3.org/2001/XMLSchema-instance"
    xsi:schemaLocation="http://www.loc.gov/MARC21/slim http://www.loc.gov/standards/marcxml/schema/MARC21slim.xsd"
    xmlns="http://www.loc.gov/MARC21/slim">

  <leader>00664cam a22002054a 4500</leader>
  <controlfield tag="001">sa 66006688 </controlfield>
  <controlfield tag="003">DLC</controlfield>
  <controlfield tag="005">20260227112258.0</controlfield>
  <controlfield tag="008">890912s1966    ii a          000 0 hino </controlfield>
  <datafield tag="010" ind1=" " ind2=" ">
    <subfield code="a">sa 66006688 </subfield>
  </datafield>
  <datafield tag="035" ind1=" " ind2=" ">
    <subfield code="a">(OCoLC)20331381</subfield>
  </datafield>
  <datafield tag="040" ind1=" " ind2=" ">
    <subfield code="a">DLC</subfield>
    <subfield code="c">DLC</subfield>
  </datafield>
  <datafield tag="050" ind1="0" ind2="0">
    <subfield code="a">PK2098.32.R313</subfield>
    <subfield code="b">A73 1966</subfield>
  </datafield>
  <datafield tag="100" ind1="1" ind2=" ">
    <subfield code="a">Prabh&#x101;kara, Manohara,</subfield>
    <subfield code="d">1932-</subfield>
  </datafield>
  <datafield tag="245" ind1="1" ind2="0">
    <subfield code="a">&#x100;pa b&#x12B;t&#x12B; :</subfield>
    <subfield code="b">ra&#x1E45;ga aura vya&#x1E45;ga se bharap&#x16B;ra caudaha cu&#x1E6D;&#x12B;le lekho&#x1E43; k&#x101; sa&#x1E45;kalana /</subfield>
    <subfield code="c">lekhaka, Manohara Prabh&#x101;kara.</subfield>
  </datafield>
  <datafield tag="260" ind1=" " ind2=" ">
    <subfield code="a">Jayapura :</subfield>
    <subfield code="b">Kaly&#x101;&#x1E47;amala e&#x1E47;&#x1E0D;a Sansa,</subfield>
    <subfield code="c">1966.</subfield>
  </datafield>
  <datafield tag="300" ind1=" " ind2=" ">
    <subfield code="a">85 p. :</subfield>
    <subfield code="b">ill. ;</subfield>
    <subfield code="c">19 cm.</subfield>
  </datafield>
  <datafield tag="546" ind1=" " ind2=" ">
    <subfield code="a">In Hindi.</subfield>
  </datafield>
  <datafield tag="650" ind1=" " ind2="0">
    <subfield code="a">Hindi wit and humor.</subfield>
  </datafield>
  <datafield tag="999" ind1=" " ind2=" ">
    <subfield code="c">70654</subfield>
    <subfield code="d">70654</subfield>
  </datafield>
</record>
